Shiver

In all the years she has watched the wolves in the woods behind her house, Grace has been particularly drawn to an unusual yellow-eyed wolf who, in his turn, has been watching her with increasing intensity.

Na minha lista:
Detalhes bibliográficos
Autor principal: Stiefvater, Maggie
Formato: Livro
Idioma:Undetermined
Publicado em: New York Scholastic Press 2009
Assuntos:
Tags: Adicionar Tag
Sem tags, seja o primeiro a adicionar uma tag!
Thư viện lưu trữ: Trung tâm Học liệu Trường Đại học Cần Thơ
LEADER 00760nam a2200181Ia 4500
001 CTU_226045
008 210402s9999 xx 000 0 und d
082 |a 813.6 
082 |b S855 
100 |a Stiefvater, Maggie 
245 0 |a Shiver 
245 0 |c Maggie Stiefvater 
260 |a New York 
260 |b Scholastic Press 
260 |c 2009 
520 |a In all the years she has watched the wolves in the woods behind her house, Grace has been particularly drawn to an unusual yellow-eyed wolf who, in his turn, has been watching her with increasing intensity. 
650 |a Human-animal relationships,Human-animal relationships,Mối quan hệ giữa con người và động vật 
980 |a Trung tâm Học liệu Trường Đại học Cần Thơ